000 00565nam a2200193Ia 4500
005 20260120131835.0
008 008 260114s9999 xx 000 0 eng d
020 _a9781383003833
037 _aEBOOK
040 _aCRL
_beng
_cCRL
041 _aeng
_2eng
084 _qCRL
100 _aButler
_9931847
245 0 _aEarly Modernism: Literature, Music, and Painting in Europe 1900-1916
260 _bOxford University PressOxford University Press
_c2023
856 _uhttps://academic.oup.com/book/48378
942 _cEBOOK
999 _c1523769
_d1523769